| 000 | 00400nam a2200145Ia 4500 | ||
|---|---|---|---|
| 005 | 20250531101211.0 | ||
| 008 | 231217s9999 xx 000 0 und d | ||
| 020 | _a9780553067347 | ||
| 082 | _a658.15 CRO;3 | ||
| 100 | _aCross, Robert G. | ||
| 245 | 0 | _aRevenue management : hard core tactics for market domination | |
| 260 |
_c1997 _bBroadway Books _aNew York |
||
| 300 | _axii, 276 | ||
| 942 | _cAA | ||
| 999 |
_c199687 _d199687 |
||